Κατάλογος Βιβλιοθηκών Mediterranean College

Τα Επιμελητήρια Ζητούν την Ενεργή Συμμετοχή τους στον Εξωδικαστικό Μηχανισμό Ρύθμισης Οφειλών Επιχειρήσεων / Athens Startup Awards 2017 (Record no. 9219)

MARC details
000 -LEADER
fixed length control field 01883cam a22001814a 4500
005 - ΗΜΕΡΟΜΗΝΙΑ ΚΑΙ ΩΡΑ ΤΕΛΕΥΤΑΙΑΣ ΕΝΗΜΕΡΩΣΗΣ
Πεδίο ελέγχου 20250605164356.0
008 - FIXED-LENGTH DATA ELEMENTS--GENERAL INFORMATION
Πεδίο ελέγχου σταθερού μήκους 250528s ||||||||||||||||||||||||d
035 ## - SYSTEM CONTROL NUMBER
System control number 24330
040 ## - ΠΗΓΗ ΚΑΤΑΛΟΓΟΓΡΑΦΗΣΗΣ
Φορέας πρωτότυπης καταλογογράφησης MC Athens Campus Library
Γλώσσα καταλογογράφησης Ελληνικά, Μοντέρνα (1453-)
Modifying agency MC Athens Campus Library
Κανόνες περιγραφικής καταλογογράφησης AACR2
245 1# - ΤΙΤΛΟΣ ΚΑΙ ΔΗΛΩΣΗ ΥΠΕΥΘΥΝΟΤΗΤΑΣ
Τίτλος Τα Επιμελητήρια Ζητούν την Ενεργή Συμμετοχή τους στον Εξωδικαστικό Μηχανισμό Ρύθμισης Οφειλών Επιχειρήσεων / Athens Startup Awards 2017
260 ## - PUBLICATION, DISTRIBUTION, ETC.
Name of publisher, distributor, etc. Εμπορικό Και Βιομηχανικό Επιμελητήριο Αθηνών,
Date of publication, distribution, etc. 2017
300 ## - PHYSICAL DESCRIPTION
Extent 64
520 ## - SUMMARY, ETC.
Summary, etc. Μνημόνιο στο Ε.Β.Ε.Α: 'Ενέργεια: Επενδύσεις και Απασχόληση και Εξαγωγές, Προκλήσεις και Ευκαιρίες στον Τομέα του Διαστήματος: Εκπαίδευση και Έρευνα και Τεχνολογία και Εφαρμογές, Επιστολή Μίχαλου για την Εξαίρεση των Επιχειρήσεων Παραγωγής Ηλεκτρικής Ενέργειας από φ/β από την Υποχεωτική Χρήση POS, Μνημόνιο Συνεργασίας Μεταξύ Ε.Β.Ε.Α. και Πανεπιστημίου Πελοποννήσου, Ημέρα Πληροφόρησης Επιχειρηματιών, Ευρωπαϊκός Πυλώνας Κοινωνικών Δικαιωμάτων, Πώς θα Γίνει η Χαλάρωση των Capital Controls - Αναλυτικά τα Βήματα, Ο Πραγματικός Ρόλος του Διεθνούς Νομισματικού Ταμείου στην Διαπραγμάτευση, Οι Ηλεκτρικές Διασυνδέσεις των Νησιών του Αιγαίου.
700 1# - ΠΡΟΣΘΕΤΗ ΑΝΑΓΡΑΦΗ--ΦΥΣΙΚΟ ΠΡΟΣΩΠΟ
Personal name Μίχαλος Κωνσταντίνος
9 (RLIN) 4319
942 ## - ADDED ENTRY ELEMENTS (KOHA)
Koha item type Περιοδικά Δημοσιεύματα
Holdings
Τύπος τεκμηρίου Βιβλιοθήκη Τρέχουσα τοποθεσία Barcode Ημερομηνία απόκτησης Ταξιθετικό σύμβολο Αριθμός αντιτύπου Αρίθμηση σειρών / χρονολογία Κατάσταση απόσυρσης Κατάσταση χαμένου Κατάσταση κατεστραμμένου Μη δανεισμός Σύνολο δανεισμών Ημερομηνία τελευταίας εμφάνισης Η τιμή ισχύει από
Περιοδικά Δημοσιεύματα MC Athens Campus Library MC Athens Campus Library 9780000092182 05/06/2025 ΑΝΑΠΤΥΞΗ 1 5           05/06/2025 05/06/2025

MC Athens Campus Library
Πατησίων 94 & Κοδριγκτώνος 13, 104 34
Πελλήνης 8 & Πατησίων 107, 112 51
Τ: +30 210 8899600

MC Thessaloniki Campus Library
Ίωνος Δραγούμη 21, 54625 | Ίωνος Δραγούμη 15, 54625
Τ: +30 2310 287779 – Τ: +30 2314 440300